000 00537nam a2200157 a 4500
001 000014244
005 20200929163534.0
008 091208s1999 dr a 000 0 spa d
040 _aDO-SdBNP
_bspa
_cBNPHU
082 _axxx
_bC735p
110 1 _aRepublica Dominicana.
_bAyuntamiento del Distrito Nacional
_99535
245 1 0 _aCómo participar en el ayuntamiento :
_binstructivo para trabajar con la Resolución 262-09.
260 _aSanto Domingo :
_bOffi Servicios Margarita,
_c1999.
300 _a19 p. :
_bil. ;
_c23 cm.
049 _aBNPD
999 _c13842
_d13842